| 000 | 01528cam a22004097a 4500 | ||
|---|---|---|---|
| 001 | 000091611 | ||
| 003 | CHAP | ||
| 005 | 20220329142816.0 | ||
| 008 | 040223d2002 mx ad r 00110 spa d | ||
| 010 | _a88078 | ||
| 011 | _a89050 | ||
| 035 | _a99599 | ||
| 040 | _cCHAP | ||
| 082 | 0 | 4 |
_a371.36 _bA5 |
| 100 | 0 | 0 |
_aAleman Suarez, Jorge Dario. _93793 |
| 245 | 1 | 0 |
_aMétodos activos de enseñanza (antología) / _cpor Jorge Darío Alemán Suárez y Rafael Lorenzo Ortiz. |
| 250 | _a2 ed. | ||
| 260 |
_aChapingo, Méx. : _bUACH. Dirección General Academica, _c2002. |
||
| 300 |
_a151 p. : _bilus. ; gráfs. ; cuadros ; esquema. |
||
| 590 |
_aBATCH-UPD _b10 _c20130110 _lUCH01 _h0635 |
||
| 590 |
_aBATCH-UPD _b10 _c20130110 _lUCH01 _h2328 |
||
| 590 |
_aBATCH-UPD _b10 _c20130410 _lUCH01 _h0319 |
||
| 590 |
_aBATCH-UPD _b10 _c20130914 _lUCH01 _h1733 |
||
| 590 |
_aCONVERSION _b10 _c20130109 _lUCH01 _h1349 |
||
| 590 |
_aE5995AHE _b05 _c20150220 _lUCH01 _h1007 |
||
| 650 | 1 | 4 |
_aEducación activa. _935490 |
| 650 | 1 | 4 |
_aMétodos de estudio. _976629 |
| 700 | 0 |
_aLorenzo Ortiz, Rafael. _968545 |
|
| 901 | _aBK | ||
| 905 | _aMarco A. Mendoza T. | ||
| 942 | _cLIBRO | ||
| 942 | _n0 | ||
| 949 |
_a371.36 A5 _bBC _cLIBRO _d33724000926929 _eLIBRO _fc.2 _gDonaciØn _h104606 _i99599 _sb |
||
| 949 |
_a371.36 A5 _bBC _cLIBRO _d33724000933008 _eLIBRO _fc.4 _gDonaciØn _h105103 _i99599 _sb |
||
| 949 |
_a371.36 A5 _bBC _cLIBRO _d33742000926937 _eLIBRO _fc.3 _gDonaciØn _h104607 _i99599 _sb |
||
| 949 |
_a371.36 A5 _bBC _cUACH _d99599 _eUACH _gDonaciØn _h104451 _i99599 _sb |
||
| 999 |
_c88078 _d88078 |
||